00816nam a2200193 i 4500001000700000003000700007005001700014008004100031080000800072100002200080245010300102260003700205300005500242505010900297651002200406700002800428852006900456852009700525186547SpMaBN20230906222707.0161124s1944 sp b |||| | spa d a9471 aHanisch, Erdmann.10aHistoria de Rusia / cpor el Dr. Erdmann Hanisch ; traducción del alemán por G. Sans Huélin. aMadrid : bEspasa-Calpe, c1944. a2 v. (256, [1] h. de mapa col.; 273 p.) ; c23 cm.8 aContiene: I ; tDesde los comienzos hasta el final del siglo XVIII (con un mapa) - II ; tDe 1801 a 1917 4aRusia-xHistoria.1 aSans Huelin, Guillermo. aES-MaACLjL-30892-93 z. - Biblioteca Jacinto Martínez Lacalle aES-MaACLjL-32014 (v. 2) z. - Donat. herederos de la bibl. de Mª del Pilar Costa Palacín